[Event "Int. Stuttgarter Stadtmeisterschaft B"]
[Site "Ditzingen"]
[Date "2014.05.31"]
[Round "7.36"]
[White "Hartmann, Christian"]
[Black "Jüttner, Maik"]
[Result "1/2-1/2"]
[WhiteElo "1650"]
[BlackElo "1505"]
[PlyCount "42"]
[EventDate "2014.??.??"]
[WhiteTeam "SC Tarrasch 45 München"]
[BlackTeam "SpVgg Rommelshausen"]

1. e4 e6 2. d4 d5 3. Nc3 c5 4. exd5 exd5 5. dxc5 d4 6. Ne4 Bxc5 7. Nxc5 Qa5+ 8.
Qd2 Qxc5 9. Nf3 Nc6 10. Bd3 Be6 11. O-O O-O-O 12. Qg5 Qxg5 13. Bxg5 f6 14. Bf4
g5 15. Bg3 Nge7 16. h3 h5 17. Rfe1 Bf5 18. h4 Bxd3 19. cxd3 Nf5 20. Rac1 Nxg3
21. fxg3 g4 1/2-1/2

[Event "Int. Stuttgarter Stadtmeisterschaft B"]
[Site "Ditzingen"]
[Date "2014.05.31"]
[Round "7.37"]
[White "Mayer, Markus"]
[Black "Kreiner, Bernhard"]
[Result "1/2-1/2"]
[WhiteElo "1631"]
[BlackElo "1409"]
[PlyCount "124"]
[EventDate "2014.??.??"]
[WhiteTeam "SC Erdmannhausen"]
[BlackTeam "SC Neckarsulm e.V."]

1. d4 d6 2. c4 c6 3. Nc3 g6 4. e4 Bg7 5. Nf3 Qc7 6. Be2 e5 7. d5 c5 8. O-O a6
9. Bd2 f6 10. Rc1 Ne7 11. a3 a5 12. Nb5 Qd7 13. b4 b6 14. Qa4 Bb7 15. Nc7+ Kf7
16. Qxd7 Nxd7 17. Nxa8 Rxa8 18. bxa5 bxa5 19. Rb1 Ba6 20. Rfc1 g5 21. Bxa5 Bxc4
22. Bxc4 Rxa5 23. Rb7 Nf8 24. Rc3 Nfg6 25. g3 Bf8 26. Rd7 g4 27. Ne1 Bh6 28.
Ng2 Bd2 29. Rb3 Ra4 30. Bb5 Rxe4 31. Bc6 c4 32. Rb2 c3 33. Rc2 Rc4 34. Ne3 Bxe3
35. fxe3 e4 36. a4 Ne5 37. Bb5 Rc5 38. Rxd6 Nxd5 39. Rxd5 Rxd5 40. Rxc3 Nf3+
41. Kf2 Rd2+ 42. Be2 Nxh2 43. Ra3 Nf3 44. a5 Rd7 45. a6 Ra7 46. Rb3 Ke6 47. Rb7
Ra8 48. Rxh7 Ne5 49. a7 Kd6 50. Ke1 Nd7 51. Bxg4 Rxa7 52. Bf5 Ra1+ 53. Kd2 Ra2+
54. Kc1 Nc5 55. g4 Ra6 56. Rh6 Ke5 57. Rh5 Ne6 58. Bxe6+ Kxe6 59. Rf5 Ra3 60.
Kd2 Rd3+ 61. Ke2 Ra3 62. Kf2 Rd3 1/2-1/2

[Event "Int. Stuttgarter Stadtmeisterschaft B"]
[Site "Ditzingen"]
[Date "2014.05.31"]
[Round "7.38"]
[White "Mayer, Dietmar"]
[Black "Walter, Stefan"]
[Result "1-0"]
[WhiteElo "1758"]
[BlackElo "1599"]
[PlyCount "33"]
[EventDate "2014.??.??"]
[WhiteTeam "SC Böblingen 1975 e.V."]
[BlackTeam "DJK Stuttgart-Süd"]

1. d4 Nf6 2. Nf3 e6 3. Bf4 d5 4. e3 c5 5. c3 Nc6 6. Nbd2 Be7 7. Ne5 O-O 8. Bd3
Qb6 9. Rb1 Rd8 10. Qf3 Bd6 11. Qh3 h6 12. g4 Qc7 13. g5 Ne4 14. gxh6 Nxe5 15.
dxe5 Bxe5 16. hxg7 f5 17. Bxe5 1-0

[Event "Int. Stuttgarter Stadtmeisterschaft B"]
[Site "Ditzingen"]
[Date "2014.05.31"]
[Round "7.39"]
[White "Gottwald, Helmut"]
[Black "Koeller, Horst"]
[Result "1/2-1/2"]
[WhiteElo "1597"]
[BlackElo "1718"]
[PlyCount "23"]
[EventDate "2014.??.??"]
[WhiteTeam "SV Dicker Turm Esslingen"]

1. d4 e6 2. c4 Bb4+ 3. Bd2 c5 4. Bxb4 cxb4 5. e3 Nf6 6. Nd2 O-O 7. Bd3 b6 8.
Ngf3 Bb7 9. O-O d6 10. Qc2 Re8 11. Ng5 g6 12. Ndf3 1/2-1/2

[Event "Int. Stuttgarter Stadtmeisterschaft B"]
[Site "Ditzingen"]
[Date "2014.05.31"]
[Round "7.40"]
[White "Albert, Rafael Edwin"]
[Black "Gheng, Hannelore"]
[Result "0-1"]
[WhiteElo "1306"]
[BlackElo "1691"]
[PlyCount "56"]
[EventDate "2014.??.??"]
[WhiteTeam "SF 59 Kornwestheim"]
[BlackTeam "SF Deizisau"]

1. e4 c5 2. Nf3 d6 3. d4 cxd4 4. Nxd4 Nf6 5. Nc3 g6 6. Be3 Bg7 7. Bc4 O-O 8.
O-O Nc6 9. Nb3 Ne5 10. Be2 Nfg4 11. Bd2 f5 12. h3 Nh6 13. Qc1 Nhf7 14. exf5
Bxf5 15. f4 Nc6 16. Bc4 Qd7 17. Re1 Kh8 18. g4 Bxg4 19. hxg4 Qxg4+ 20. Kh2 Ng5
21. Bd5 Nd4 22. Re3 Qxf4+ 23. Rg3 Qf2+ 24. Rg2 Be5+ 25. Kh1 Qh4+ 26. Kg1 Nh3+
27. Kh1 Nf2+ 28. Kg1 Qh1# 0-1

[Event "Int. Stuttgarter Stadtmeisterschaft B"]
[Site "Ditzingen"]
[Date "2014.05.31"]
[Round "7.41"]
[White "Blum, Michael"]
[Black "Weisensel, Wolfgang"]
[Result "1-0"]
[WhiteElo "1594"]
[BlackElo "1685"]
[PlyCount "89"]
[EventDate "2014.??.??"]
[WhiteTeam "SC Aidlingen"]
[BlackTeam "Stuttgarter SF 1879"]

1. e4 e5 2. Nf3 Nc6 3. Bb5 a6 4. Ba4 Nf6 5. O-O b5 6. Bb3 Be7 7. Re1 d6 8. c3
O-O 9. h3 Na5 10. Bc2 c5 11. a3 Qc7 12. b4 Nc6 13. d3 Bb7 14. Nbd2 Rfc8 15. Nf1
cxb4 16. d4 bxc3 17. d5 Nd8 18. Ne3 Qa5 19. Nf5 Kf8 20. Be3 Ng8 21. Nxe7 Nxe7
22. h4 f6 23. g4 Ng8 24. g5 Qc7 25. Kh2 Qf7 26. Ng1 g6 27. f4 Qe7 28. Rf1 Ke8
29. f5 Nf7 30. fxg6 hxg6 31. Nh3 fxg5 32. Nxg5 Nd8 33. Rf3 Nf6 34. Qg1 Nh5 35.
Raf1 Rc7 36. Rf8+ Qxf8 37. Rxf8+ Kxf8 38. Ne6+ Nxe6 39. dxe6 Nf4 40. Bxf4 exf4
41. Qxg6 Rac8 42. Qf6+ Kg8 43. e7 Bxe4 44. Bxe4 c2 45. Qg6+ 1-0

[Event "Int. Stuttgarter Stadtmeisterschaft B"]
[Site "Ditzingen"]
[Date "2014.05.31"]
[Round "7.43"]
[White "Kovac, Marijo"]
[Black "Petitto, Francesco"]
[Result "1/2-1/2"]
[WhiteElo "1549"]
[BlackElo "1647"]
[PlyCount "94"]
[EventDate "2014.??.??"]
[WhiteTeam "SC Schachmatt Botnang"]
[BlackTeam "SK Sontheim/Brenz e.V."]

1. d4 e6 2. c4 c5 3. d5 exd5 4. cxd5 Nf6 5. Nc3 d6 6. e4 g6 7. Nf3 a6 8. a4 Bg4
9. Be2 Bg7 10. O-O O-O 11. Nd2 Bxe2 12. Qxe2 Re8 13. a5 Nxe4 14. Ndxe4 f5 15.
Qc4 fxe4 16. Nxe4 Be5 17. Bg5 Qc7 18. Nf6+ Bxf6 19. Bxf6 Nd7 20. Bc3 Ne5 21.
Qh4 Qf7 22. Rad1 Re7 23. f4 Nc4 24. Qf6 Qxf6 25. Bxf6 Rf7 26. Rc1 Nd2 27. Rfd1
Nf3+ 28. gxf3 Rxf6 29. Rc4 Raf8 30. Re1 Rxf4 31. Rxf4 Rxf4 32. Re6 Rxf3 33.
Rxd6 Rb3 34. Re6 Rxb2 35. d6 Rd2 36. Kf1 c4 37. Ke1 c3 38. h4 Rd5 39. Re8+ Kf7
40. Rc8 Rxd6 41. Rxc3 Rc6 42. Rd3 Ke7 43. Rb3 Rc7 44. Rb6 Kd8 45. Kf2 Rc5 46.
Rxb7 Rxa5 47. Rxh7 Rh5 1/2-1/2

[Event "Int. Stuttgarter Stadtmeisterschaft B"]
[Site "Ditzingen"]
[Date "2014.05.31"]
[Round "7.44"]
[White "Wraga, Hermann"]
[Black "Schranz, Patrick"]
[Result "1/2-1/2"]
[WhiteElo "1609"]
[BlackElo "1512"]
[PlyCount "29"]
[EventDate "2014.??.??"]
[WhiteTeam "SG Osnabrück"]
[BlackTeam "SC Feuerbach e. V."]

1. e4 e5 2. Bc4 Nf6 3. Nc3 Bc5 4. d3 h6 5. Nf3 Nc6 6. a3 O-O 7. O-O Ne7 8. Nxe5
d5 9. exd5 Nexd5 10. Nxd5 Nxd5 11. d4 Be7 12. Bb3 Be6 13. c4 Nf6 14. d5 Bf5 15.
h3 1/2-1/2

[Event "Int. Stuttgarter Stadtmeisterschaft B"]
[Site "Ditzingen"]
[Date "2014.05.31"]
[Round "7.45"]
[White "Debeljak, Anton"]
[Black "Steinhart, Matthias"]
[Result "1/2-1/2"]
[WhiteElo "1637"]
[BlackElo "1779"]
[PlyCount "42"]
[EventDate "2014.??.??"]
[BlackTeam "SF Freiberg"]

1. e4 e5 2. Bc4 Nf6 3. d3 c6 4. Nc3 d5 5. exd5 cxd5 6. Bb3 Bb4 7. Bd2 Nc6 8. a3
Ba5 9. Nce2 Bb6 10. Be3 Bxe3 11. fxe3 Ng4 12. Qd2 Qg5 13. Nf3 Qxe3 14. Qxe3
Nxe3 15. Kd2 d4 16. Rhg1 O-O 17. Ng3 Nf5 18. Ne4 h6 19. g4 Nfe7 20. g5 h5 21.
g6 Be6 1/2-1/2

[Event "Int. Stuttgarter Stadtmeisterschaft B"]
[Site "Ditzingen"]
[Date "2014.05.31"]
[Round "7.48"]
[White "Wraga, Teresa"]
[Black "Sigmund, Wolfgang"]
[Result "1/2-1/2"]
[WhiteElo "1622"]
[BlackElo "1520"]
[PlyCount "33"]
[EventDate "2014.??.??"]
[WhiteTeam "SG Osnabrück"]
[BlackTeam "SC Eberbach"]

1. e4 e5 2. Nc3 Nf6 3. g3 Bc5 4. Bg2 d6 5. Nge2 Nc6 6. O-O Bg4 7. Na4 Nd4 8.
Nac3 Qd7 9. d3 Bf3 10. Bxf3 Nxf3+ 11. Kg2 Nd4 12. Nxd4 Bxd4 13. Ne2 Bb6 14. Nc3
O-O-O 15. Bg5 c6 16. Qf3 Qe6 17. Qf5 1/2-1/2

[Event "Int. Stuttgarter Stadtmeisterschaft B"]
[Site "Ditzingen"]
[Date "2014.05.31"]
[Round "7.49"]
[White "Kalwei, Reinhard"]
[Black "Giugno, Carmelo"]
[Result "0-1"]
[WhiteElo "1489"]
[BlackElo "1447"]
[PlyCount "57"]
[EventDate "2014.??.??"]
[WhiteTeam "SC Aidlingen"]
[BlackTeam "Stuttgarter SF 1879"]

1. e4 e5 2. Nf3 Nc6 3. d4 exd4 4. Nxd4 Nxd4 5. Qxd4 d6 6. Bf4 Bd7 7. Nc3 Nf6 8.
Bc4 a6 9. O-O-O b5 10. Bb3 c5 11. Qe3 c4 12. Bxc4 bxc4 13. Bxd6 Bxd6 14. Rxd6
O-O 15. f3 Qc7 16. Rhd1 Rfd8 17. e5 Ne8 18. Nd5 Qa7 19. Ne7+ Kf8 20. Qxa7 Rxa7
21. Nc8 Rc7 22. e6 fxe6 23. R6d4 Nf6 24. Nb6 Ke7 25. Nxc4 Nd5 26. Rg4 g6 27.
Re4 Rdc8 28. b3 Nc3 29. Rxd7+ 0-1